{"text_format":"3","workbook":"xls","n_sheets":1,"sheets":["Table S3"],"read":"whole","date_system":"1900","formulas":"cached_only"}

{"sheet":"Table S3","index":0,"n_rows":45,"n_cols":15,"rows_kept":45,"merged":[[0,0,0,14],[44,0,44,14]],"flags":["formulas_cached_only"]}
["Table S3. Characteristics of SNPs and their associations with insomnia."]
["other_allele.exposure","effect_allele.exposure","beta.exposure","se.exposure","eaf.exposure","samplesize.exposure","SNP","exposure","mr_keep.exposure","pval.exposure","pval_origin.exposure","id.exposure","data_source.exposure","R2","F"]
["G","C",-0.00862206,0.00149047,0.543586,462341,"rs2803296","exposure",true,7.26e-09,"inferred","3WtNuy","textfile",3.69e-05,17.05516193]
["T","G",-0.0102669,0.00151022,0.408855,462341,"rs6690017","exposure",true,1.06e-11,"inferred","3WtNuy","textfile",5.1e-05,23.55888065]
["G","C",0.0111868,0.00163048,0.292534,462341,"rs12049261","exposure",true,6.84e-12,"inferred","3WtNuy","textfile",5.18e-05,23.95006474]
["C","G",0.0106284,0.00149103,0.548279,462341,"rs2644128","exposure",true,1.02e-12,"inferred","3WtNuy","textfile",5.6e-05,25.87155311]
["C","A",-0.0147948,0.00205225,0.155781,462341,"rs56365214","exposure",true,5.63e-13,"inferred","3WtNuy","textfile",5.76e-05,26.61971099]
["G","T",0.0467802,0.00331329,0.057291,462341,"rs113851554","exposure",true,2.9e-45,"inferred","3WtNuy","textfile",0.000236384,109.3154135]
["C","A",-0.0124111,0.00181352,0.214053,462341,"rs56093896","exposure",true,7.72e-12,"inferred","3WtNuy","textfile",5.18e-05,23.9633849]
["C","T",-0.00960596,0.00156161,0.364055,462341,"rs4572538","exposure",true,7.68e-10,"inferred","3WtNuy","textfile",4.27e-05,19.75500693]
["A","G",-0.00854833,0.00149214,0.533655,462341,"rs4577309","exposure",true,1.01e-08,"inferred","3WtNuy","textfile",3.64e-05,16.81654553]
["A","G",-0.0102429,0.00184485,0.203934,462341,"rs12470989","exposure",true,2.82e-08,"inferred","3WtNuy","textfile",3.41e-05,15.75033874]
["C","T",-0.0116018,0.0016233,0.303519,462341,"rs2014830","exposure",true,8.87e-13,"inferred","3WtNuy","textfile",5.69e-05,26.31244139]
["C","A",-0.0218562,0.00377648,0.040279,462341,"rs9845387","exposure",true,7.15e-09,"inferred","3WtNuy","textfile",3.69e-05,17.07574083]
["T","A",0.013423,0.00235299,0.887373,462341,"rs705219","exposure",true,1.17e-08,"inferred","3WtNuy","textfile",3.6e-05,16.65152727]
["T","G",-0.00848084,0.00155238,0.640384,462341,"rs2604551","exposure",true,4.68e-08,"inferred","3WtNuy","textfile",3.31e-05,15.31659153]
["A","G",0.00838726,0.00149645,0.552395,462341,"rs1988337","exposure",true,2.09e-08,"inferred","3WtNuy","textfile",3.48e-05,16.08386848]
["A","G",0.0100437,0.00164946,0.716256,462341,"rs11097861","exposure",true,1.14e-09,"inferred","3WtNuy","textfile",4.1e-05,18.95792307]
["C","T",0.00947493,0.00149107,0.461507,462341,"rs1430205","exposure",true,2.09e-10,"inferred","3WtNuy","textfile",4.46e-05,20.63100001]
["G","C",0.0102216,0.00154996,0.355788,462341,"rs1592757","exposure",true,4.26e-11,"inferred","3WtNuy","textfile",4.79e-05,22.14466914]
["G","T",0.0111716,0.00161138,0.305042,462341,"rs7711696","exposure",true,4.12e-12,"inferred","3WtNuy","textfile",5.29e-05,24.46597116]
["A","G",0.00971363,0.00149134,0.547047,462341,"rs314280","exposure",true,7.35e-11,"inferred","3WtNuy","textfile",4.68e-05,21.61980277]
["A","G",-0.00902066,0.00150428,0.578726,462341,"rs6975972","exposure",true,2.01e-09,"inferred","3WtNuy","textfile",3.97e-05,18.34518246]
["G","C",-0.0100553,0.00150974,0.431016,462341,"rs8180817","exposure",true,2.73e-11,"inferred","3WtNuy","textfile",4.96e-05,22.92955224]
["G","T",0.0129893,0.00207434,0.15241,462341,"rs17151854","exposure",true,3.8e-10,"inferred","3WtNuy","textfile",4.36e-05,20.15488103]
["T","C",-0.0103391,0.00157854,0.330834,462341,"rs11790060","exposure",true,5.76e-11,"inferred","3WtNuy","textfile",4.73e-05,21.88369004]
["G","A",0.00839066,0.00149108,0.550358,462341,"rs224032","exposure",true,1.83e-08,"inferred","3WtNuy","textfile",3.48e-05,16.11053858]
["A","G",-0.0099161,0.00162078,0.297979,462341,"rs17709610","exposure",true,9.47e-10,"inferred","3WtNuy","textfile",4.11e-05,19.02067606]
["T","A",-0.0178001,0.00274996,0.080193,462341,"rs2297787","exposure",true,9.62e-11,"inferred","3WtNuy","textfile",4.67e-05,21.61169753]
["G","A",-0.00947656,0.00150271,0.45899,462341,"rs10838708","exposure",true,2.86e-10,"inferred","3WtNuy","textfile",4.46e-05,20.62148064]
["C","T",0.016478,0.00288103,0.073137,462341,"rs72924721","exposure",true,1.07e-08,"inferred","3WtNuy","textfile",3.68e-05,17.02033867]
["A","C",-0.00988248,0.00163145,0.705433,462341,"rs324017","exposure",true,1.38e-09,"inferred","3WtNuy","textfile",4.06e-05,18.76635401]
["T","A",0.0106361,0.00175313,0.236738,462341,"rs931221","exposure",true,1.3e-09,"inferred","3WtNuy","textfile",4.09e-05,18.90230295]
["C","T",0.0103356,0.0017167,0.251267,462341,"rs68094047","exposure",true,1.74e-09,"inferred","3WtNuy","textfile",4.02e-05,18.58411128]
["T","A",-0.011623,0.00154234,0.630662,462341,"rs6561715","exposure",true,4.85e-14,"inferred","3WtNuy","textfile",6.29e-05,29.09879402]
["T","C",0.0106308,0.00157691,0.654763,462341,"rs1327938","exposure",true,1.57e-11,"inferred","3WtNuy","textfile",5.11e-05,23.62359968]
["G","A",0.00910814,0.00156447,0.651513,462341,"rs1547630","exposure",true,5.82e-09,"inferred","3WtNuy","textfile",3.77e-05,17.41710411]
["T","C",0.00937342,0.00148509,0.512179,462341,"rs11635495","exposure",true,2.76e-10,"inferred","3WtNuy","textfile",4.39e-05,20.29962462]
["G","C",-0.011796,0.00175566,0.767408,462341,"rs4886860","exposure",true,1.83e-11,"inferred","3WtNuy","textfile",4.97e-05,22.96691808]
["T","C",-0.00961678,0.00150275,0.568257,462341,"rs2062113","exposure",true,1.56e-10,"inferred","3WtNuy","textfile",4.54e-05,20.98165272]
["A","G",-0.00915026,0.00163869,0.687567,462341,"rs9906181","exposure",true,2.35e-08,"inferred","3WtNuy","textfile",3.6e-05,16.63201777]
["G","A",0.0132051,0.00159687,0.3182,462341,"rs9894577","exposure",true,1.35e-16,"inferred","3WtNuy","textfile",7.57e-05,34.9835555]
["G","A",0.0156393,0.00192518,0.186319,462341,"rs11152363","exposure",true,4.53e-16,"inferred","3WtNuy","textfile",7.42e-05,34.29009392]
["A","G",0.00930932,0.00153044,0.378954,462341,"rs56330606","exposure",true,1.18e-09,"inferred","3WtNuy","textfile",4.08e-05,18.86055306]
["se, standard error; eaf, effect allele frequency; SNP, single nucleotide polymorphism; pval, P value; F, the F statistic for each SNP, was calculated as: F=R2×(n-2)/(1-R2)"]